Pokémon by Picture - Letter B - Statistics

General Stats
  • This quiz has been taken 38 times
  • The average score is 14 of 15
Answer Stats
Picture Answer % Correct
Bayleef
97%
Bellsprout
97%
Bidoof
97%
Bulbasaur
97%
Beedrill
94%
Blastoise
94%
Bronzor
94%
Buneary
94%
Butterfree
94%
Blaziken
91%
Buizel
91%
Bastiodon
88%
Bellossom
88%
Blissey
88%
Bouffalant
88%
No matching quizzes found
Score Distribution
Percent of People with Each Score
Percentile by Number Answered
Your Score History
You have not taken this quiz